N.W.A Members - Statistics

General Stats
  • This quiz has been taken 966 times
  • The average score is 5 of 6
Answer Stats
Members Years % Correct
Ice Cube 1986-1989
99%
Dr. Dre 1986-1991
98%
Eazy-E 1986-1991
95%
MC Ren 1988-1991
85%
DJ Yella 1986-1991
77%
Arabian Prince 1986-1988
39%
No matching quizzes found
Score Distribution
Percent of People with Each Score
Percentile by Number Answered
Your Score History
You have not taken this quiz